01730agaaa2200289 45000010005000000030009000050050017000140070009000310080040000400400023000800410013001031000049001161300025001652450177001902500022003672600140003893000033005295080141005625110088007035200380007915380016011715460013011876500057012007000056012577000061013137000066013749536IT-RoPAU20220918181228.0d cvaizq50131s9999||||xx ||| | || ||und|| aIT-RoPAUcIT-RoPAU aITALIANO aDayton JonathangCodice regista SPICS: 59828 aLITTLE MISS SUNSHINE aLITTLE MISS SUNSHINEcProdotto da: Turtletaub M. -- Sceneggiatura: Arndt Michael -- Diretto da: Dayton JonathanpLITTLE MISS SUNSHINE (Rif. Codice opera principale : H9536) aEdizione Standard a(USA)bBIG BEACH - BONA FIDE PROD. - THIRD GEAR PR / Distribuzione: FAMIGLIA CRISTIANAg"2006 (1° ed.: 2010 ; Ed. Lingua Orig.: 2006)" aDVDbsonoro, col.c98 minuti a"Fotografia: Suhrstedt Tim; Montaggio: Martin Pamela; Musica: Danna Michael; Sceneggiatura: Arndt Michael; Scenografia: Ivanov Kalina; " a"Kinnear Greg; Carell Steve; Collette Toni; Dano Paul; Breslin Abigail; Arkin Alan" a"TRAGICOMICA AVVENTURA DEGLI HOOVER, MODESTA E STRAMPALATA FAMIGLIA SENZA ASPIRAZIONI, IL CUI VIAGGIO VERSO UN CONCORSO DI BELLEZZA PER BAMBINE SI TRASFORMA IN UNA BARAONDA COLOSSALE. CONTENUTI SPECIALI: COMMENTO AUDIO DI JOANTHAN DAYTON, VALERIE FARIS E DELLO SCRITTORE MICHAEL ARNDT; FINALI ALTERNATIVI CON IL COMMENTO ORIGINALE DE REGISTO JOANTHAN DAYTON E VALERIE FARIS." aPAL, STEREO aITALIANO aCOMMEDIAeDVD-FILM [DVD]xCodice MATERIA SPICS: 9947 aDanna Michaele(musica)gCodice Musica SPICS: 48264 aDayton Jonathan e(regista)gCodice regista SPICS: 59828 aFaris Valeriee(regista)gCodice secondo regista SPICS: 59829